LEADER 01033nam a2200229 i 4500 001 000000029637 003 CaOOAMICUS 005 20221020112547.0 008 180830s2003 gw u000 u ger u 040 $aSeMil$bita 100 1 $aWeiser, Alfons.$0(OLS)http://semarc/name/13515 245 14$aDer zweite Brief an Timotheus /$cAlfons Weiser. 260 $aNeukirchen-Vluyn :$bNeukirchener,$c2003. 260 $aZürich ; Einsiedeln ; Köln :$bBenziger,$c2003. 300 $av. ;$c24 cm. 490 1 $aEKK = Evangelisch-Katholischer Kommentar zum Neuen Testament ;$v16 774 0 $t1.$z3-545-23118-6$z3-7887-1886-2$g1$w()121334 830 0$aEKK = Evangelisch-Katholischer Kommentar zum Neuen Testament ;$v16.$0(OLS)http://semarc/title/60 996 $6245$aDer zweite Brief an Timotheus$9(OLS)http://semarc/title/40266 996 $6260$aZürich ; Einsiedeln ; Köln :$bBenziger$9(OLS)http://semarc/publisher/29880 996 $6260$aNeukirchen-Vluyn :$bNeukirchener$9(OLS)http://semarc/publisher/29645 LEADER 01028nam a2200253 i 4500 001 000000107925 003 CaOOAMICUS 005 20050909000000.0 008 050909s1988 it u000 u ita u 013 $a80449 040 $aSeMil$bita 245 10$aDisegni veneti dell'Ecole de Beaux-Arts di Parigi :$b23 luglio-6 novembre 1988. 260 $aVicenza :$bNeri Pozza,$c1988. 300 $a196 p. :$briccamente ill. ;$c24 cm. 490 0 $aCataloghi di Mostre ;$v48 500 $aFondo Ciprandi. 650 4$aDisegni veneti - Esposizioni - 1988.$0(OLS)http://semarc/subject/18984 830 0$aCataloghi di Mostre ;$v48.$0(OLS)http://semarc/title/14749 850 $aSeMil 852 $aSeMil$W1$xVenegono$y1$m5T VI 55$j64021$B64021$CSeMilBibl$Z2$F102693 $81 941 1 $a1 961 $aOmaggio: Ciprandi dott. Paolo 996 $6245$aDisegni veneti dell'Ecole de Beaux-Arts di Parigi :$b23 luglio-6 novembre 1988$9(OLS)http://semarc/title/156509 996 $6260$aVicenza :$bNeri Pozza$9(OLS)http://semarc/publisher/32468